| 000 | 00558nam a2200169 i 4500 | ||
|---|---|---|---|
| 001 | 86023 | ||
| 003 | ES-MaACL | ||
| 005 | 20250208063123.0 | ||
| 007 | t| | ||
| 008 | 041207m19001999sp ||||1| spa d | ||
| 100 | 0 |
_aKennedy, John F., _d1917-1963 _9239598 |
|
| 245 | 1 | 3 |
_aEl primer año del presidente Kennedy _b: selección de extractos de sus principales declaraciones / _cJohn F. Kennedy. |
| 260 |
_a[Madrid : _bCasa Americana, _c19--?] |
||
| 300 |
_a48 p. ; _c22 cm. |
||
| 852 |
_aES-MaACL _j2027-F-3 _bR.49963 |
||
| 999 |
_c86023 _d86023 |
||